Tuberculosis, (Record no. 38942)

MARC details
000 -LEADER
fixed length control field 00655cam a22002171 4500
001 - CONTROL NUMBER
control field med48000871
003 - CONTROL NUMBER IDENTIFIER
control field DLC
005 - DATE AND TIME OF LATEST TRANSACTION
control field 20260227111610.0
008 - FIXED-LENGTH DATA ELEMENTS--GENERAL INFORMATION
fixed length control field 750902s1948 moua b 000 0 eng
010 ## - LIBRARY OF CONGRESS CONTROL NUMBER
LC control number med48000871
035 ## - SYSTEM CONTROL NUMBER
System control number (OCoLC)1592213
040 ## - CATALOGING SOURCE
Original cataloging agency DLC
Transcribing agency FMU
Modifying agency OCoLC
-- DLC
042 ## - AUTHENTICATION CODE
Authentication code premarc
050 00 - LIBRARY OF CONGRESS CALL NUMBER
Classification number RC311
Item number .P872
100 1# - MAIN ENTRY--PERSONAL NAME
Personal name Pottenger, Francis Marion,
Dates associated with a name 1869-
245 00 - TITLE STATEMENT
Title Tuberculosis,
Remainder of title a discussion of phthisiogenesis, immunology, pathologic physiology, diagnosis, and treatment.
260 ## - PUBLICATION, DISTRIBUTION, ETC.
Place of publication, distribution, etc. St. Louis,
Name of publisher, distributor, etc. Mosby,
Date of publication, distribution, etc. 1948.
300 ## - PHYSICAL DESCRIPTION
Extent 597 p.
Other physical details illus.
Dimensions 26 cm.
504 ## - BIBLIOGRAPHY, ETC. NOTE
Bibliography, etc. note Includes bibliographies.
650 #0 - SUBJECT ADDED ENTRY--TOPICAL TERM
Topical term or geographic name entry element Tuberculosis.

No items available.

Powered by Koha